000
00309nam a22001457a 4500
008
210507b ||||| |||| 00| 0 eng d
020
_a
9781121265516
041
_a
eng
080
_a
101
082
_a
101
100
_a
24
101
_a
FIL
245
_a
A Brief Course
_c
Eugene E. Selk
942
_2
udc
_c
BK
999
_c
57122
_d
57122